000 00615nam a2200241 a 4500
001 nice12345678
003 IN_TiNIC
005 20260116012134.0
008 050524s1979 bana grp 000 0 eng
020 _a
_c100
082 0 0 _a275.4
_bKUR
100 _aKuria-Kose, Dn K K
245 _aStudy on Christian Ministry in India Today
260 _aBangalore
_bSenate of Serampore College
_c1979
300 _a66p
500 _aincludes index and biblioraphy
505 2 _aBibliography
650 _aChristianity-India
700 1 _aKuria-Kose, Dn K K
902 _bSRS
942 _cBK
999 _c5790
_d5790